Cam Jansen and the mystery at the monkey house / (Record no. 3297)

MARC details
000 -LEADER
fixed length control field 01171pam a2200349 a 4500
001 - CONTROL NUMBER
control field 3297
003 - CONTROL NUMBER IDENTIFIER
control field FISKH
005 - DATE AND TIME OF LATEST TRANSACTION
control field 20240223162000.0
008 - FIXED-LENGTH DATA ELEMENTS--GENERAL INFORMATION
fixed length control field 850524s1985 nyua j 000 1 eng
010 ## - LIBRARY OF CONGRESS CONTROL NUMBER
LC control number 85040443
020 ## - INTERNATIONAL STANDARD BOOK NUMBER
International Standard Book Number 0670807826 :
020 ## - INTERNATIONAL STANDARD BOOK NUMBER
International Standard Book Number 071009002951
040 ## - CATALOGING SOURCE
Original cataloging agency DLC
Transcribing agency DLC
Modifying agency DLC
Language of cataloging eng
042 ## - AUTHENTICATION CODE
Authentication code lcac
050 00 - LIBRARY OF CONGRESS CALL NUMBER
Classification number PZ7.A2615
Item number Caah 1985
082 00 - DEWEY DECIMAL CLASSIFICATION NUMBER
Classification number [Fic]
Edition number 19
100 1# - MAIN ENTRY--PERSONAL NAME
Personal name Adler, David A.
245 10 - TITLE STATEMENT
Title Cam Jansen and the mystery at the monkey house /
Statement of responsibility, etc. David A. Adler ; illustrated by Susanna Natti.
250 ## - EDITION STATEMENT
Edition statement This edition published 1988
260 ## - PUBLICATION, DISTRIBUTION, ETC.
Place of publication, distribution, etc. New York :
Name of publisher, distributor, etc. Viking Penguin,
Date of publication, distribution, etc. 1985.
300 ## - PHYSICAL DESCRIPTION
Extent 56 pages :
Other physical details illustrations ;
Dimensions 20 cm
490 1# - SERIES STATEMENT
Series statement A Cam Jansen adventure ;
Volume/sequential designation Book 10
505 ## - FORMATTED CONTENTS NOTE
Formatted contents note Q<br/>
520 ## - SUMMARY, ETC.
Summary, etc. Fifth-grade sleuth Cam Jansen uses her photographic memory to solve a monkey smuggling mystery at the city zoo.
521 8# - TARGET AUDIENCE NOTE
Target audience note 640<br/>
Source Lexile <br/>
521 8# - TARGET AUDIENCE NOTE
Target audience note Q<br/>
Source Raz-Plus<br/>
650 #1 - SUBJECT ADDED ENTRY--TOPICAL TERM
Topical term or geographic name entry element Mystery and detective stories.
700 1# - ADDED ENTRY--PERSONAL NAME
Personal name Natti, Susanna,
Relator term illustrator
800 1# - SERIES ADDED ENTRY--PERSONAL NAME
Personal name Adler, David A.
Title of a work Cam Jansen adventure ;
Volume/sequential designation 10.
906 ## - LOCAL DATA ELEMENT F, LDF (RLIN)
a 7
b cbc
c orignew
d 1
e ocip
f 19
g y-gencatlg
942 ## - ADDED ENTRY ELEMENTS (KOHA)
Source of classification or shelving scheme Dewey Decimal Classification
Koha item type Books
Suppress in OPAC No
Holdings
Withdrawn status Lost status Source of classification or shelving scheme Damaged status Not for loan Collection Home library Current library Shelving location Date acquired Total Checkouts Full call number Barcode Date last seen Price effective from Koha item type
    Dewey Decimal Classification     Juvenile Fiction Footprints International School Library Network Toul Kork Campus Footprints International School Library Network Toul Kork Campus TK Primary Library Room(4th Floor), Bookcase 3&4, Shelves 17-32, Yellow Books 02/23/2024   ADL 237 PZ7.A2615 FISTKG1B063 02/23/2024 02/23/2024 Books